České a evropské dějiny v souvislostech /

Hlavní autor: Fidler, Jiří, 1961-
Jazyk: Čeština
Vydáno: Praha : Fragment, 2015
Vydání: 1. vyd.
Témata:
Fyzický popis: 110 s. : il. (převážně barev.), mapy, portréty, faksim. ; 31 cm
Knihy
Uloženo v:
LEADER 01441nam a2200421 a 4500
001 nkc20152661490
003 CZ PrNK
005 20160426115157.0
007 ta
008 150127s2015 xr abchd p 000 0 cze
015 |a cnb002661490 
020 |a 978-80-253-2194-2  |q (váz.) 
035 |a (OCoLC)908821059 
040 |a OLA001  |b cze 
043 |a e-xr---  |a e------ 
072 7 |a 94(4)  |x Dějiny Evropy  |2 Konspekt  |9 8 
072 7 |a 37.016  |x Učební osnovy. Vyučovací předměty. Učebnice  |2 Konspekt  |9 22 
080 |a 94(4)  |2 MRF 
080 |a 94(437.3)  |2 MRF 
080 |a (075.3)  |2 MRF 
100 1 |a Fidler, Jiří,  |d 1961-  |7 jn19990209182  |4 aut 
245 1 0 |a České a evropské dějiny v souvislostech /  |c Jiří Fidler 
250 |a 1. vyd. 
260 |a Praha :  |b Fragment,  |c 2015 
300 |a 110 s. :  |b il. (převážně barev.), mapy, portréty, faksim. ;  |c 31 cm 
500 |a Chronologické přehledy 
504 |a Obsahuje bibliografii 
651 7 |a Evropa  |7 ge137210  |x dějiny  |2 czenas 
651 7 |a Česko  |7 ge128065  |x dějiny  |2 czenas 
651 9 |a Czechia  |x history  |2 eczenas 
651 9 |a Europe  |x history  |2 eczenas 
655 7 |a učebnice středních škol  |7 fd133771  |2 czenas 
655 9 |a textbooks (secondary)  |2 eczenas 
910 |a BOA001  |b 4-1345.347 
990 |a BK 
995 |a 01 
991 |b 201504  |c NOV  |e dn 
996 6 |b 2610628386  |c 4-1345.347  |l MZK  |r Sklad / do 1 hodiny  |n 2  |p p.v.  |w 001498907  |u 000010  |a 1  |e BOA001  |j MZK50  |s P